000 00762cam a22002053a 4500
001 34501
003 PGUSA
005 20140828083738.0
008 101129s2010||||xxu|||||s|||||000 | eng d
040 _aPGUSA
_beng
042 _adc
100 1 _aHarding, A. R.
_q(Arthur Robert),
_d1871-1930
245 1 0 _aWolf and Coyote Trapping :
_bAn Up-to-Date Wolf Hunter's Guide, Giving the Most Successful Methods of Experienced Wolfers for Hunting and Trapping These Animals, Also Gives Their Habits in Detail.
_h[electronic resource] /
_cA. R. Harding
260 _bProject Gutenberg,
_c2010
506 _aPublic domain in the USA.
516 _aElectronic text
830 0 _aProject Gutenberg
_v34501
856 4 0 _uhttp://www.gutenberg.org/ebooks/34501
942 _cEB
999 _c263756
_d263756